Customer relationship management/ (Record no. 158795)

MARC details
000 -LEADER
fixed length control field 00613nam a22001937a 4500
005 - DATE AND TIME OF LATEST TRANSACTION
control field 20181114145615.0
010 ## - LCCN (DPL NO)
LC control number ENG-124515
020 ## - INTERNATIONAL STANDARD BOOK NUMBER
International Standard Book Number 9780199456758
Terms of availability 399.00
035 ## - SYSTEM CONTROL NUMBER
System control number EN-108047
037 ## - SOURCE OF ACQUISITION
Source of stock number/acquisition DBAD/PUB
082 ## - DEWEY DECIMAL CLASSIFICATION NUMBER
Classification number 658.812
100 ## - MAIN ENTRY--PERSONAL NAME
Personal name Mullick N.H.
245 ## - TITLE STATEMENT
Title Customer relationship management/
Statement of responsibility, etc by N.H. Mullick
260 ## - PUBLICATION, DISTRIBUTION, ETC. (IMPRINT)
Place of publication, distribution, etc New Delhi
Name of publisher, distributor, etc Oxford University Press
Date of publication, distribution, etc 2016
270 ## - ADDRESS
City New Delhi
Postal code 110002
Address 2/11 Ground Floor, Ansari Road, Daryaganj,
300 ## - PHYSICAL DESCRIPTION
Extent xii,361p
Dimensions 25cm.(Hb)
Other physical details ill.
500 ## - GENERAL NOTE
General note It includes index and about the author
942 ## - ADDED ENTRY ELEMENTS (KOHA)
Source of classification or shelving scheme Dewey Decimal Classification
Item type English Books
Classification part 658.812
Call number suffix MUL
Holdings
Withdrawn status Lost status Not for loan Collection code Home library Current library Date acquired Source of acquisition Cost, normal purchase price Full call number Barcode Copy number Cost, replacement price Koha item type
    Not For Loan Non-fiction D.B.Act.Division Bawana 14/11/2018 DBAD/PUB 399.00 658.812 MUL EN-108047 1 399.00 English Books

© Delhi Public Library
Hit Counter
free hit counter